WNBA Players by Picture - Statistics

General Stats
  • This quiz has been taken 1,666 times
    814 since last reset
  • The average score is 26 of 40
Answer Stats
Picture Hint Answer % Correct
Chicago Sky Angel Reese
95%
Dallas Wings Paige Bueckers
94%
Indiana Fever Caitlin Clark
92%
Las Vegas Aces A'ja Wilson
87%
Atlanta Dream Brittney Griner
87%
Los Angeles Sparks Kelsey Plum
86%
Los Angeles Sparks Cameron Brink
82%
Indiana Fever Aliyah Boston
80%
Indiana Fever Sophie Cunningham
78%
New York Liberty Breanna Stewart
77%
Minnesota Lynx Napheesa Collier
75%
New York Liberty Sabrina Ionescu
75%
Atlanta Dream Allisha Gray
73%
Minnesota Lynx Courtney Williams
71%
Connecticut Sun Marina Mabrey
71%
New York Liberty Natasha Cloud
69%
Atlanta Dream Rhyne Howard
66%
Las Vegas Aces Chelsea Gray
65%
Washington Mystics Sonia Citron
65%
Las Vegas Aces Jackie Young
62%
Indiana Fever Kelsey Mitchell
62%
Phoenix Mercury Alyssa Thomas
61%
Chicago Sky Courtney Vandersloot
58%
Chicago Sky Kamilla Cardoso
58%
Seattle Storm Skylar Diggins
57%
Dallas Wings Arike Ogunbowale
56%
New York Liberty Jonquel Jones
55%
Connecticut Sun Tina Charles
55%
Phoenix Mercury Satou Sabally
54%
Phoenix Mercury DeWanna Bonner
53%
Minnesota Lynx Kayla McBride
53%
Minnesota Lynx Alanna Smith
51%
Los Angeles Sparks Dearica Hamby
51%
Las Vegas Aces Jewell Loyd
51%
Dallas Wings Maddy Siegrist
51%
Phoenix Mercury Kahleah Copper
50%
Washington Mystics Brittney Sykes
43%
Seattle Storm Nneka Ogwumike
38%
Golden State Valkyries Kayla Thornton
34%
Minnesota Lynx Bridget Carleton
32%
No matching quizzes found
Score Distribution
Percent of People with Each Score
Percentile by Number Answered
Your Score History
You have not taken this quiz since the last reset